000 00574nam a2200181Ia 4500
008 151018s9999 xx 000 0 und d
082 _bRBASDV13060
_a891.463
100 _aगोविंद केळकर
245 _aजीवनयात्रा
250 _b1
260 _bराजेंद्र प्रकाशन
_c1980
300 _a128
600 _aगोविंद केळकर
630 _aजीवनयात्रा
700 _aगोविंद केळकर
730 _aजीवनयात्रा
942 _cBOOK
999 _c1015297
_d1015294